Economic Thought and Institutional Change in France and Italy, 1789–1914 A Comparative Study /

This book explores the relationship between economic thought, proposals for reform of political institutions, and civil society in the period between the rise to power of Napoleon and the eve of the First World War in Italy and France – two countries with a similar cultural and political tradition a...

Πλήρης περιγραφή

Λεπτομέρειες βιβλιογραφικής εγγραφής
Συγγραφή απο Οργανισμό/Αρχή: SpringerLink (Online service)
Άλλοι συγγραφείς: Soliani, Riccardo (Επιμελητής έκδοσης)
Μορφή: Ηλεκτρονική πηγή Ηλ. βιβλίο
Γλώσσα:English
Έκδοση: Cham : Springer International Publishing : Imprint: Springer, 2017.
Θέματα:
Διαθέσιμο Online:Full Text via HEAL-Link
LEADER 04033nam a22004695i 4500
001 978-3-319-25354-1
003 DE-He213
005 20161116163445.0
007 cr nn 008mamaa
008 161116s2017 gw | s |||| 0|eng d
020 |a 9783319253541  |9 978-3-319-25354-1 
024 7 |a 10.1007/978-3-319-25354-1  |2 doi 
040 |d GrThAP 
050 4 |a HC10-1085 
072 7 |a KCZ  |2 bicssc 
072 7 |a BUS069000  |2 bisacsh 
072 7 |a SOC019000  |2 bisacsh 
082 0 4 |a 330.1509  |2 23 
245 1 0 |a Economic Thought and Institutional Change in France and Italy, 1789–1914  |h [electronic resource] :  |b A Comparative Study /  |c edited by Riccardo Soliani. 
264 1 |a Cham :  |b Springer International Publishing :  |b Imprint: Springer,  |c 2017. 
300 |a X, 221 p. 1 illus. in color.  |b online resource. 
336 |a text  |b txt  |2 rdacontent 
337 |a computer  |b c  |2 rdamedia 
338 |a online resource  |b cr  |2 rdacarrier 
347 |a text file  |b PDF  |2 rda 
505 0 |a Part I Fighting for identity, justice and liberty -- Economics and “civilization” in Gian Domenico Romagnosi (Edoardo Ciech, Riccardo Soliani) -- Carlo Cattaneo (1801‐1869), Lombard philosopher and economist, liberal beyond federalism (Enrico Ivaldi, Riccardo Soliani, Andrea Repetto) -- Liberty, labour and human rights: institutional change and the intellectual debate on slavery in France from Condorcet to the mid-19th century (Simona Pisanelli) -- Part II Economic freedom, free trade and equity -- Whose Sismondi? Which Italy? The Reception Italy Gave Sismondi's Economic Thought (Letizia Pagliai) -- A comparative analysis of the relationship between Friedrich List and French and Italian culture (Stefano Spalletti) -- J.-B. Say: political economy and social justice (Riccardo Soliani) -- Pellegrino Rossi: A new approach to liberalism (Joël-Thomas Ravix) -- Part III Liberalism and its alternatives in various declinations -- From the people to the Industrialists: Saint-Simon and the eclipse of sovereignty (Simona Gregori) -- Institutions and development in saint-simonian political economy (Abdallah Zouache) -- An economic philosophy for the Republic: Elie Halévy, Alain, André Maurois (Ludovic Frobert) -- Economics and Sociology meet Socialism: Sombart, Durkheim and Pareto (Vitantonio Gioia). 
520 |a This book explores the relationship between economic thought, proposals for reform of political institutions, and civil society in the period between the rise to power of Napoleon and the eve of the First World War in Italy and France – two countries with a similar cultural and political tradition and with personal mobility of the intellectual class. The first section of the book is devoted to the struggle for identity, justice, and liberty, including its economic dimensions. The relation between political and economic freedom and its effect on equity is then addressed in detail, and the third, concluding section focuses on the intellectual and political conflict between the social visions of liberalism and socialism in some of their various forms, again with consideration of the economic implications. The comparative nature of the analysis, combined with its interdisciplinary approach to the history of economic and political thought and social history, will enable the reader to understand more clearly the historical evolution of each country and the relevant contemporary political and economic issues. 
650 0 |a History. 
650 0 |a Political economy. 
650 0 |a Political philosophy. 
650 1 4 |a Economics. 
650 2 4 |a History of Economic Thought/Methodology. 
650 2 4 |a Political Economy. 
650 2 4 |a History, general. 
650 2 4 |a Political Philosophy. 
700 1 |a Soliani, Riccardo.  |e editor. 
710 2 |a SpringerLink (Online service) 
773 0 |t Springer eBooks 
776 0 8 |i Printed edition:  |z 9783319253534 
856 4 0 |u http://dx.doi.org/10.1007/978-3-319-25354-1  |z Full Text via HEAL-Link 
912 |a ZDB-2-ECF 
950 |a Economics and Finance (Springer-41170)